Educational Journal of Living Theories

Na minha lista:
Detalhes bibliográficos
Formato: Recurso Electrónico Periódico
Publicado em: Dublin City University
Acesso em linha:Available in Education Source.
Tags: Adicionar Tag
Sem tags, seja o primeiro a adicionar uma tag!

MARC

LEADER 00000nas a22000002 4500
001 ebs56869051e
003 EBZ
006 m d ||||||
007 cr|unu||||||||
008 241105| xx uu p o 0 0||| d
022 |y 2009-1788 
035 |a (EBZ)ebs56869051e 
040 |a EBZ 
042 |a msc 
050 0 0 |a L  
130 0 |a Educational Journal of Living Theories (Online) 
222 1 0 |a Educational Journal of Living Theories 
245 0 0 |a Educational Journal of Living Theories  |h [electronic resource]. 
260 |b Dublin City University 
773 0 |t Education Source   |d EBSCO 
856 4 0 |3 Full text available: Oct 2008-.  |z Available in Education Source.  |u https://researchs.unach.elogim.com/direct.asp?db=eue&jid=8VZ3&scope=site 
901 |a Academic Journal